000 00563nam a2200181Ia 4500
003 GCL
008 140319s9999 xx 000 0 ara d
040 _aGCL /
_cGCL
082 0 4 _a516.35
_bم ت
100 1 _aمصطفى احمد الجندى
245 1 0 _aتقليديات الجبر والهندسة التحليلية /
_cمصطفى احمد الجندى
260 _a[S.N] :
_bدار الراتب الجامعية
300 _a312 ص
490 _a
650 0 4 _aالهندسة التحليلية
650 0 4 _aالجبر الخطى
942 _2ddc
_cBK
999 _c48259
_d48259